| 000 | 01251cam a22003014a 4500 | ||
|---|---|---|---|
| 001 | 142757 | ||
| 005 | 20010104151222.0 | ||
| 008 | 980706s2000 njua 000 0 eng | ||
| 010 | _a 00130285 | ||
| 020 | _a978078173033 | ||
| 040 |
_aDLC _cDLC _dDLC |
||
| 042 | _apcc | ||
| 050 | 0 | 0 |
_aQP41 _b.A52 2000 |
| 082 | 0 | 0 |
_a612.0076 _221 _bANA |
| 245 | 0 | 0 |
_aAnatomy & physiology : _bAn Increadibly easy / |
| 246 | 3 | 0 | _aAnatomy and physiology |
| 260 |
_aPhiladelphia : _bLippincott Williams & Wilkins, _cc.2009. |
||
| 300 |
_aviii, 296 p. : _bill. ; _c21 cm. |
||
| 650 | 0 |
_aHuman physiology _vOutlines, syllabi, etc. |
|
| 650 | 0 |
_aHuman physiology _vExaminations, questions, etc. |
|
| 650 | 0 |
_aHuman anatomy _vOutlines, syllabi, etc. |
|
| 650 | 0 |
_aHuman anatomy _vExaminations, questions, etc. |
|
| 700 | 1 |
_aFogiel, M. _q(Max) |
|
| 710 | 2 | _aResearch and Education Association. | |
| 942 |
_2ddc _cBB |
||
| 999 |
_c10930 _d10930 |
||